<?xml version="1.0" encoding="UTF-8"?>
<record
    xmlns:xsi="http://www.w3.org/2001/XMLSchema-instance"
    xsi:schemaLocation="http://www.loc.gov/MARC21/slim http://www.loc.gov/standards/marcxml/schema/MARC21slim.xsd"
    xmlns="http://www.loc.gov/MARC21/slim">

  <leader>02146cam a22002891  4500</leader>
  <controlfield tag="001">8942779</controlfield>
  <controlfield tag="003">OSt</controlfield>
  <controlfield tag="005">20221003145148.0</controlfield>
  <controlfield tag="008">790220s1966    enkf          000 0 eng  </controlfield>
  <datafield tag="020" ind1=" " ind2=" ">
    <subfield code="a">8123904002</subfield>
  </datafield>
  <datafield tag="040" ind1=" " ind2=" ">
    <subfield code="c">LC</subfield>
  </datafield>
  <datafield tag="042" ind1=" " ind2=" ">
    <subfield code="a">premarc</subfield>
  </datafield>
  <datafield tag="050" ind1="0" ind2="0">
    <subfield code="a">QC21.N42</subfield>
  </datafield>
  <datafield tag="100" ind1="1" ind2=" ">
    <subfield code="a">Nelkon, Michael.</subfield>
    <subfield code="9">488</subfield>
  </datafield>
  <datafield tag="245" ind1="1" ind2="0">
    <subfield code="a">Advanced level physics</subfield>
    <subfield code="c">Michael Nelkon, Philip Parker.</subfield>
  </datafield>
  <datafield tag="250" ind1=" " ind2=" ">
    <subfield code="a">7th ed.</subfield>
  </datafield>
  <datafield tag="260" ind1=" " ind2=" ">
    <subfield code="a">New Delhi,</subfield>
    <subfield code="b">CBS publishers &amp; distributors PVT. LTD.</subfield>
    <subfield code="c">1995.</subfield>
  </datafield>
  <datafield tag="300" ind1=" " ind2=" ">
    <subfield code="a">xv, 927 p.</subfield>
  </datafield>
  <datafield tag="504" ind1=" " ind2=" ">
    <subfield code="a">Includes index.</subfield>
  </datafield>
  <datafield tag="505" ind1=" " ind2=" ">
    <subfield code="a">Contents: Mechanics, solid materials -- Circular motion, simple harmonic motion -- Forces in equilibrium, forces in fluids -- Further topics in mechanics and fluids -- Sources of energy -- Elasticity, molecular forces, solid materials -- The gravitational field -- Electricity: Electrostatics. the electric field -- Capacitors -- Current electricity -- Magnetic field and force on conductor -- Magnetic fields of current-carrying conductors -- Electromagnetic induction -- A.C. circuits -- Geometrical optics, waves, wave optics, sound waves : Geometrical optics -- Lenses, optical instruments -- Oscillations and waves -- Wave theory of light -- Interference of light waves -- Diffraction of light waves -- Polirisation of light waves -- Applications of sound waves -- Waves in strings and pipes -- Thermal properties of matter: Temperature: thermometry -- Heat and energy. heat capacity, latent heat -- Gas laws, basics of thermodynamics -- Kinetic theory of gases -- Transfer of heat: conduction and radiation -- Further topics in thermal properties -- Electrons, electronics, atomic physics: Electron motion in fields, cathode-ray oscilloscope -- Semiconductors, junction diode.transistor. telecommunications -- Analogue and digital electronics -- Photoelectricity, energy levels, X-Rays, wave-particle duality -- Radioactivity, nuclear energy -- </subfield>
  </datafield>
  <datafield tag="650" ind1=" " ind2=" ">
    <subfield code="a">Physics  </subfield>
    <subfield code="2">Physics Problems, exercises, etc</subfield>
    <subfield code="9">489</subfield>
  </datafield>
  <datafield tag="650" ind1=" " ind2=" ">
    <subfield code="a">Physics Textbooks</subfield>
    <subfield code="9">490</subfield>
  </datafield>
  <datafield tag="650" ind1=" " ind2=" ">
    <subfield code="a"> </subfield>
    <subfield code="9">491</subfield>
  </datafield>
  <datafield tag="700" ind1=" " ind2=" ">
    <subfield code="a">Parker, Philip</subfield>
    <subfield code="9">492</subfield>
  </datafield>
  <datafield tag="906" ind1=" " ind2=" ">
    <subfield code="a">7</subfield>
    <subfield code="b">cbc</subfield>
    <subfield code="c">oclcrpl</subfield>
    <subfield code="d">u</subfield>
    <subfield code="e">ncip</subfield>
    <subfield code="f">19</subfield>
    <subfield code="g">y-gencatlg</subfield>
  </datafield>
  <datafield tag="942" ind1=" " ind2=" ">
    <subfield code="2">lcc</subfield>
    <subfield code="c">BK</subfield>
  </datafield>
  <datafield tag="999" ind1=" " ind2=" ">
    <subfield code="c">9241</subfield>
    <subfield code="d">16741</subfield>
  </datafield>
  <datafield tag="952" ind1=" " ind2=" ">
    <subfield code="0">0</subfield>
    <subfield code="1">0</subfield>
    <subfield code="2">lcc</subfield>
    <subfield code="4">0</subfield>
    <subfield code="7">0</subfield>
    <subfield code="a">WIUC-KL</subfield>
    <subfield code="b">WIUC-KL</subfield>
    <subfield code="c">NURS L.</subfield>
    <subfield code="d">2019-11-22</subfield>
    <subfield code="l">0</subfield>
    <subfield code="o">QC21.N42(7e)</subfield>
    <subfield code="p">KSN/542/542/19</subfield>
    <subfield code="r">2022-10-03 00:00:00</subfield>
    <subfield code="w">2022-10-03</subfield>
    <subfield code="y">BK</subfield>
  </datafield>
</record>
